| 000 | 00426nam a2200181Ia 4500 | ||
|---|---|---|---|
| 001 | 2164 | ||
| 005 | 20260306143822.0 | ||
| 008 | 260306t2021||||xx |||||||||||||| ||spa|| | ||
| 041 | _aESP | ||
| 082 |
_a616 _bG59 V. 1 |
||
| 100 |
_aGoldman, Lee, _eAUT |
||
| 245 | 0 | _aTratado de medicina interna | |
| 260 | _c2021 | ||
| 300 |
_axxxix, 1352 páginas : _c29 cm. |
||
| 650 | _aGEN | ||
| 654 | _aCCS | ||
| 942 |
_cLIB _dJUS _fJUS _2ddc _n |
||
| 999 |
_c2164 _d2164 |
||